000 00428nam a2200169Ia 4500
008 230718s9999 xx 000 0 und d
041 _aeng
082 _a621.3848
_bSKO
100 _aSkolink M.I.
245 _aIntroduction To Radar Systems
250 _a3rd ed.
260 _c2004
_bTata McGraw-Hill
300 _a772
365 _cRs.
_b285.00
700 _aSkolink M.I.
906 _dB:22574/16.2.0503-Oct-2003
_cETC
_b57
999 _c309742
_d309742